[Event "TUR-chT Superleague 2018"]
[Site "Ankara"]
[Date "2018.08.04"]
[Round "12"]
[White "Tofan, Ibrahim"]
[Black "Zeydan, Salih"]
[Result "0-1"]
[WhiteElo "2169"]
[BlackElo "2061"]
[Annotator "NA"]
[PlyCount "172"]
[EventDate "2018.07.25"]
[EventType "team-tourn"]
[EventCountry "TUR"]
[SourceTitle "playchess.com"]
[Source "ChessBase"]
[SourceQuality "1"]

1. e4 c5 2. b3 d6 3. Bb2 Nf6 4. Nc3 Nc6 5. g3 e5 6. Bg2 Bg4 7. Qc1 h5 8. h3 Be6 9. Nge2 Nd4 10. d3 g6 11. Qd1 Qd7 12. Nd5 Bxd5 13. exd5 Nf5 14. c4 Bg7 15. Qd2 O-O 16. Nc3 Nd4 17. O-O a6 18. Na4 Qd8 19. Bxd4 exd4 20. Nb2 b5 21. Rfe1 b4 22. Qf4 Qd7 23. Bf1 Rfe8 24. Na4 Qc7 25. Qd2 Rxe1 26. Rxe1 Re8 27. Rxe8+ Nxe8 28. h4 Nf6 29. Bh3 Kh7 30. Kg2 Bh6 31. Qe2 Bf8 32. Qd2 Bh6 33. Qd1 Bf8 34. Qe2 Qd8 35. Kf1 Bh6 36. Kg2 Bf8 37. f4 Qe7 38. Qxe7 Bxe7 39. Nb6 Kg7 40. Kf3 Ne8 41. Bd7 Nf6 42. Bh3 Ne8 43. Bc8 Bd8 44. Na4 f5 45. Bxa6 Nf6 46. Nb2 Ng4 47. Nd1 Nh2+ 48. Ke2 Ng4 49. Bc8 Kf6 50. Bd7 Ke7 51. Bc6 Bc7 52. Bb7 Bd8 53. Bc8 Kf7 54. Kd2 Kg7 55. Kc1 Kf8 56. Kb2 Nh2 57. Nf2 Nf1 58. Nh1 Ba5 59. Kc1 Bd8 60. Bd7 Kg7 61. Be8 Ba5 62. Kb2 Kf6 63. Bd7 Ke7 64. Bc8 Kf6 65. Kc1 Ke7 66. Kd1 Ne3+ 67. Kd2 Ng4 68. Be6 Kf6 69. Bc8 Ke7 70. Kc1 Kf6 71. Bb7 Ke7 72. Bc6 Kf8 73. Kb2 Ke7 74. a4 bxa3+ 75. Kxa3 Be1 76. b4 cxb4+ 77. Kb2 Nf2 78. Nxf2 Bxf2 79. Ba4 Bxg3 80. Bd1 Bxh4 81. Kb3 Be1 82. Bf3 h4 83. Bg2 Bd2 84. Bh3 Kd8 85. Bg2 Kc7 86. Bh3 Kb6 0-1

[Event "TUR-chT Superleague 2018"]
[Site "Ankara"]
[Date "2018.08.04"]
[Round "12"]
[White "Ozbay, Ece"]
[Black "Celik, Eda"]
[Result "1-0"]
[WhiteElo "2140"]
[BlackElo "1976"]
[Annotator "NA"]
[PlyCount "99"]
[EventDate "2018.07.25"]
[EventType "team-tourn"]
[EventCountry "TUR"]
[SourceTitle "playchess.com"]
[Source "ChessBase"]
[SourceQuality "1"]

1. e4 e5 2. Nf3 Nc6 3. Bb5 a6 4. Ba4 Nf6 5. O-O Be7 6. Re1 b5 7. Bb3 d6 8. c3 O-O 9. h3 Na5 10. Bc2 c5 11. d4 Qc7 12. d5 Bd7 13. b3 Nb7 14. a3 Rab8 15. Nbd2 g6 16. Nf1 Nh5 17. Bh6 Ng7 18. g4 Nd8 19. Ng3 f6 20. Qd2 Nf7 21. Be3 c4 22. b4 a5 23. bxa5 Qxa5 24. Reb1 Qc7 25. Rb4 Ra8 26. Qc1 Ra6 27. Qb2 Rfa8 28. Nd2 Qc8 29. a4 f5 30. gxf5 gxf5 31. exf5 Nxf5 32. Bxf5 Bxf5 33. Rxb5 Bxh3 34. Rb4 Ng5 35. Bxg5 Bxg5 36. Nde4 Bf4 37. Qe2 Kh8 38. Rxc4 Qg8 39. Rc7 R6a7 40. Rxa7 Rxa7 41. Qh5 Bg4 42. Qh4 Bf3 43. Nxd6 Bxd5 44. Rd1 Bg5 45. Qb4 Bf4 46. Ndf5 Be6 47. Qb6 Rd7 48. Rxd7 Bxg3 49. Rd8 Bxf2+ 50. Kxf2 1-0

[Event "TUR-chT Superleague 2018"]
[Site "Ankara"]
[Date "2018.08.04"]
[Round "12"]
[White "Bozbey, Ali"]
[Black "Ozcan, Kaan"]
[Result "1-0"]
[WhiteElo "2126"]
[BlackElo "1523"]
[Annotator "NA"]
[PlyCount "99"]
[EventDate "2018.07.25"]
[EventType "team-tourn"]
[EventCountry "TUR"]
[SourceTitle "playchess.com"]
[Source "ChessBase"]
[SourceQuality "1"]

1. g3 d5 2. Bg2 g6 3. Nf3 Bg7 4. O-O Nf6 5. d3 O-O 6. Nbd2 c6 7. e4 dxe4 8. dxe4 Bg4 9. h3 Bxf3 10. Bxf3 Nbd7 11. Qe2 Nc5 12. Nc4 Qc8 13. Re1 h5 14. Bg2 Rd8 15. Be3 Ne6 16. c3 Qc7 17. f4 Nf8 18. a4 Bh6 19. Qf2 N6d7 20. a5 Rac8 21. Bxa7 h4 22. e5 hxg3 23. Qxg3 Re8 24. f5 e6 25. f6 Nxf6 26. Qh4 Nh5 27. Nd6 Qd8 28. Qf2 Qe7 29. Bc5 Nd7 30. Nxc8 Qxc5 31. Qxc5 Nxc5 32. Nd6 Re7 33. Rad1 Nf4 34. Bf1 Nd5 35. Kf2 Bg5 36. Rd4 Nf4 37. Kg3 Nd5 38. Ne4 Nxe4+ 39. Rdxe4 Rd7 40. Rd1 Rc7 41. Bc4 Ne3 42. Rd3 Nxc4 43. Rxc4 Be7 44. Rcd4 Rc8 45. Rd7 Bf8 46. Rd8 Rxd8 47. Rxd8 Kg7 48. Rd7 Bc5 49. Rxb7 Be3 50. a6 1-0

[Event "TUR-chT Superleague 2018"]
[Site "Ankara"]
[Date "2018.08.04"]
[Round "12"]
[White "Korkmaz, Necmettin"]
[Black "Uysal, Burak"]
[Result "0-1"]
[WhiteElo "2056"]
[BlackElo "2187"]
[Annotator "NA"]
[PlyCount "120"]
[EventDate "2018.07.25"]
[EventType "team-tourn"]
[EventCountry "TUR"]
[SourceTitle "playchess.com"]
[Source "ChessBase"]
[SourceQuality "1"]

1. e4 e5 2. Nf3 Nc6 3. d4 exd4 4. Nxd4 Bc5 5. Nxc6 Qf6 6. Qf3 dxc6 7. Qxf6 Nxf6 8. f3 Be6 9. Nd2 O-O-O 10. Nb3 Be7 11. Bd2 c5 12. O-O-O Kb8 13. Be2 b6 14. Bc3 Bc8 15. g3 g5 16. Nd2 Bb7 17. Rhf1 Rhf8 18. Rde1 a6 19. a4 Ka7 20. Nc4 g4 21. Ne5 gxf3 22. Bxf3 Nd7 23. Bg4 Nxe5 24. Bxe5 f6 25. Bxc7 Rd4 26. a5 bxa5 27. Bxa5 Ra4 28. Bc7 Bxe4 29. Kb1 f5 30. Bf3 Kb7 31. Bf4 Rd8 32. g4 Bh4 33. Bxe4+ fxe4 34. Rd1 Rad4 35. Kc1 Kc6 36. Be3 Rxd1+ 37. Rxd1 Rf8 38. Kd2 Bf6 39. c3 Rd8+ 40. Kc2 Rxd1 41. Kxd1 a5 42. g5 Be5 43. h4 a4 44. Kc2 Kd5 45. h5 c4 46. Bd4 Bf4 47. g6 hxg6 48. hxg6 Ke6 49. Kb1 e3 50. Ka2 e2 51. Bf2 Bd6 52. Bh4 Be7 53. g7 Kf7 54. Bf2 Kxg7 55. Kb1 Kg6 56. Kc2 Bg5 57. Be1 Kf5 58. Bd2 Bh4 59. Kb1 Ke4 60. Kc2 Bf2 0-1

[Event "TUR-chT Superleague 2018"]
[Site "Ankara"]
[Date "2018.08.04"]
[Round "12"]
[White "Sade, Defne"]
[Black "Ayan, Bengu Sena"]
[Result "0-1"]
[WhiteElo "1968"]
[BlackElo "1894"]
[Annotator "NA"]
[PlyCount "148"]
[EventDate "2018.07.25"]
[EventType "team-tourn"]
[EventCountry "TUR"]
[SourceTitle "playchess.com"]
[Source "ChessBase"]
[SourceQuality "1"]

1. e4 e6 2. d4 d5 3. Nd2 Nc6 4. Ngf3 Nf6 5. e5 Nd7 6. Nb3 a5 7. a4 b6 8. Bb5 Na7 9. Bd3 c5 10. c4 Bb7 11. O-O Be7 12. Be3 Rc8 13. Rc1 O-O 14. Qe2 Nc6 15. cxd5 exd5 16. Bf5 Ra8 17. Bxd7 Ba6 18. Qd2 Qxd7 19. Rfd1 Bc4 20. Na1 cxd4 21. Bxd4 Nxd4 22. Qxd4 Qe6 23. Qf4 f6 24. b3 Ba6 25. Nd4 Qxe5 26. Qxe5 fxe5 27. Ne6 Rfc8 28. Nc7 Ra7 29. Nxd5 Bc5 30. Nc2 Rf8 31. Nce3 Raf7 32. Rc2 Bb7 33. Rdd2 Bd4 34. h3 Rd8 35. Nc7 Be4 36. Rc4 Rb8 37. Ne6 Bxe3 38. fxe3 Bf5 39. Nd8 Rd7 40. Rxd7 Bxd7 41. Nc6 Re8 42. Na7 Be6 43. Rc3 Kf7 44. Nb5 Rd8 45. Na3 Kf6 46. Kf2 Rd2+ 47. Kf3 e4+ 48. Kg3 Rd3 49. Rc6 Rxe3+ 50. Kf4 Rxb3 51. Nb5 g5+ 52. Kxe4 Rb4+ 53. Nd4 Kf7 54. Ke5 Ba2 55. Rc7+ Ke8 56. Rxh7 Rxa4 57. Rb7 Rb4 58. Nc6 Rb1 59. Kf6 Bd5 60. Re7+ Kf8 61. Rc7 Rf1+ 62. Kg6 Be4+ 63. Kxg5 Rf5+ 64. Kg4 Rc5 65. Rc8+ Kg7 66. Ne7 Rxc8 67. Nxc8 b5 68. Nd6 Bd3 69. Nb7 a4 70. Nc5 Bc4 71. Na6 a3 72. Nb4 a2 73. Nxa2 Bxa2 74. Kf3 b4 0-1

[Event "TUR-chT Superleague 2018"]
[Site "Ankara"]
[Date "2018.08.04"]
[Round "12"]
[White "Aydin, Gulenay"]
[Black "Cansun, Can Alp"]
[Result "0-1"]
[WhiteElo "1894"]
[BlackElo "1990"]
[Annotator "NA"]
[PlyCount "42"]
[EventDate "2018.07.25"]
[EventType "team-tourn"]
[EventCountry "TUR"]
[SourceTitle "playchess.com"]
[Source "ChessBase"]
[SourceQuality "1"]

1. e4 c5 2. Nf3 g6 3. d4 cxd4 4. Qxd4 Nf6 5. e5 Nc6 6. Qa4 Nd5 7. Qe4 Nb6 8. Nc3 Bg7 9. Bf4 d5 10. exd6 Bf5 11. Qe3 O-O 12. O-O-O exd6 13. Rxd6 Qc8 14. a3 Na5 15. Rxb6 axb6 16. Bb5 Nc4 17. Bxc4 Qxc4 18. Re1 Bxc3 19. bxc3 Rxa3 20. Be5 Rd8 21. Bd4 Qa4 0-1

[Event "TUR-chT Superleague 2018"]
[Site "Ankara"]
[Date "2018.08.04"]
[Round "12"]
[White "Ozoglu, Berker"]
[Black "Gok, Fatih"]
[Result "1-0"]
[WhiteElo "1843"]
[BlackElo "1952"]
[Annotator "NA"]
[PlyCount "97"]
[EventDate "2018.07.25"]
[EventType "team-tourn"]
[EventCountry "TUR"]
[SourceTitle "playchess.com"]
[Source "ChessBase"]
[SourceQuality "1"]

1. c4 Nf6 2. b3 c5 3. Bb2 b6 4. Nf3 Bb7 5. e3 e6 6. d4 Be7 7. Nbd2 O-O 8. Bd3 d5 9. Rc1 Nbd7 10. O-O Rc8 11. Bb1 Ne4 12. Ne5 Nxd2 13. Nxd7 Qxd7 14. Qxd2 dxc4 15. bxc4 Bf6 16. Rfd1 cxd4 17. exd4 g6 18. Qf4 Bg7 19. h4 Qa4 20. h5 Rxc4 21. h6 Bh8 22. Qd2 Bd5 23. Rxc4 Bxc4 24. Bc3 Rd8 25. Rc1 Bd5 26. Bb4 Qd7 27. Qf4 Rc8 28. Rxc8+ Qxc8 29. Be7 f6 30. Bd3 Kf7 31. Qd6 Qc1+ 32. Bf1 Qxh6 33. Qd7 g5 34. Bd6+ Kg6 35. Qe8+ Kf5 36. Qxh8 Be4 37. Qe8 g4 38. Qb5+ Kg6 39. Qe2 f5 40. Bb8 a5 41. Bc7 b5 42. Bxa5 Bd5 43. Bd2 Qh4 44. Bf4 b4 45. Qb5 Qe7 46. Bc4 Bxc4 47. Qxc4 h5 48. Qc8 Kf7 49. d5 1-0

[Event "TUR-chT Superleague 2018"]
[Site "Ankara"]
[Date "2018.08.04"]
[Round "12"]
[White "Erece, Ece Alkim"]
[Black "Sahin, Hayrun Nisa"]
[Result "1-0"]
[WhiteElo "1788"]
[BlackElo "1752"]
[Annotator "NA"]
[PlyCount "91"]
[EventDate "2018.07.25"]
[EventType "team-tourn"]
[EventCountry "TUR"]
[SourceTitle "playchess.com"]
[Source "ChessBase"]
[SourceQuality "1"]

1. e4 c5 2. Nf3 d6 3. Bb5+ Bd7 4. Bxd7+ Qxd7 5. O-O Nc6 6. c3 Nf6 7. Re1 g6 8. d4 cxd4 9. cxd4 Bg7 10. Nc3 O-O 11. Bg5 h6 12. Bf4 Rfd8 13. Qd2 Kh7 14. Nd5 Nh5 15. Rad1 e6 16. Nc3 Nxf4 17. Qxf4 Bxd4 18. Nxd4 Nxd4 19. e5 dxe5 20. Qxe5 Rac8 21. h3 a6 22. Re4 Rc4 23. b3 Rb4 24. a3 Rb5 25. Rexd4 Qxd4 26. Rxd4 Rxe5 27. Rxd8 Re1+ 28. Kh2 Ra1 29. Rd7 Kg7 30. a4 Rc1 31. Ne4 b6 32. Rb7 Rc6 33. f3 g5 34. Nd2 b5 35. axb5 axb5 36. Rxb5 f5 37. Rb7+ Kf6 38. b4 Ke5 39. b5 Rc2 40. Rd7 Kf4 41. b6 g4 42. hxg4 fxg4 43. fxg4 e5 44. b7 Rb2 45. Rf7+ Kxg4 46. Nc4 1-0

[Event "TUR-chT Superleague 2018"]
[Site "Ankara"]
[Date "2018.08.04"]
[Round "12"]
[White "Yildirim, Ibrahim Halil"]
[Black "Yilmaz, Goktan"]
[Result "0-1"]
[WhiteElo "1783"]
[BlackElo "2233"]
[Annotator "NA"]
[PlyCount "116"]
[EventDate "2018.07.25"]
[EventType "team-tourn"]
[EventCountry "TUR"]
[SourceTitle "playchess.com"]
[Source "ChessBase"]
[SourceQuality "1"]

1. e4 c5 2. Nf3 d6 3. d4 cxd4 4. Nxd4 Nf6 5. Nc3 a6 6. Be3 e6 7. f3 b5 8. Qd2 Nbd7 9. O-O-O Bb7 10. g4 Nb6 11. g5 Nfd7 12. Bd3 Rc8 13. h4 b4 14. Nce2 d5 15. exd5 Nxd5 16. h5 Nc5 17. Nb3 Nxe3 18. Qxe3 Qc7 19. g6 Nxb3+ 20. axb3 Bc5 21. Qg5 f6 22. Qg4 f5 23. Qh3 hxg6 24. Kb1 Rxh5 25. Qg2 Rxh1 26. Rxh1 Kf7 27. Rh4 Be3 28. Rxb4 Bd5 29. Nc3 Rh8 30. Nxd5 exd5 31. Ra4 Rh2 32. Qf1 a5 33. b4 axb4 34. Qe1 Bc5 35. Ra6 Qe7 36. Qg3 Rh1+ 37. Ka2 Rg1 38. Qb8 Re1 39. Ra8 Re6 40. Qg8+ Kf6 41. Qh7 b3+ 42. cxb3 Rb6 43. f4 Re6 44. Qh1 Qb7 45. Qh4+ Kf7 46. Qd8 Be7 47. Qh8 Qb4 48. Bb5 Qxf4 49. Bd7 Rd6 50. Qg8+ Kf6 51. Be8 Qe5 52. Qf7+ Kg5 53. Ra7 Re6 54. Ra4 Bd8 55. Bb5 Bf6 56. Ka3 Qxb2+ 57. Kb4 Qc3+ 58. Ka3 Be7+ 0-1

[Event "TUR-chT Superleague 2018"]
[Site "Ankara"]
[Date "2018.08.04"]
[Round "12"]
[White "Keskin, Elif"]
[Black "Balajayeva, Khanim"]
[Result "0-1"]
[WhiteElo "1775"]
[BlackElo "2332"]
[Annotator "NA"]
[PlyCount "98"]
[EventDate "2018.07.25"]
[EventType "team-tourn"]
[EventCountry "TUR"]
[SourceTitle "playchess.com"]
[Source "ChessBase"]
[SourceQuality "1"]

1. d4 Nf6 2. Bg5 d5 3. Bxf6 exf6 4. e3 Bd6 5. Bd3 O-O 6. Qf3 Nc6 7. c3 Ne7 8. Nd2 c6 9. Ne2 Be6 10. g4 Qd7 11. h3 Ng6 12. Qg2 f5 13. gxf5 Bxf5 14. Bxf5 Qxf5 15. Qg4 Qxg4 16. hxg4 f5 17. gxf5 Ne7 18. e4 dxe4 19. Nxe4 Nxf5 20. f3 Be7 21. O-O-O Rae8 22. Rdf1 Bd8 23. Kd2 Bc7 24. Kd3 h6 25. Rfg1 Kh8 26. Rh3 Re7 27. b3 Nd6 28. Rg6 Nf7 29. N2g3 Rd8 30. Kc2 Nd6 31. Kd3 Rf8 32. Nxd6 Rxf3+ 33. Kc4 Bxd6 34. Rxd6 Kh7 35. d5 cxd5+ 36. Kxd5 Ree3 37. Re6 Rd3+ 38. Kc4 Rxc3+ 39. Kb4 Rxg3 40. Rh1 Rc7 41. Re4 Rg5 42. Rd4 h5 43. Rhd1 Kh6 44. Rd6+ g6 45. Rd7 Rxd7 46. Rxd7 h4 47. Rxb7 h3 48. Rb8 Rh5 49. Rd8 h2 0-1

[Event "TUR-chT Superleague 2018"]
[Site "Ankara"]
[Date "2018.08.04"]
[Round "12"]
[White "Onur, Cigdem"]
[Black "Yorgun, Yaren Naz"]
[Result "0-1"]
[WhiteElo "1750"]
[BlackElo "1725"]
[Annotator "NA"]
[PlyCount "162"]
[EventDate "2018.07.25"]
[EventType "team-tourn"]
[EventCountry "TUR"]
[SourceTitle "playchess.com"]
[Source "ChessBase"]
[SourceQuality "1"]

1. d4 Nf6 2. Bf4 g6 3. Nc3 d5 4. e3 Bg7 5. h4 h5 6. Be2 Bd7 7. Nf3 Bg4 8. Ne5 Bxe2 9. Qxe2 c6 10. g4 hxg4 11. Nxg4 Nxg4 12. Qxg4 Nd7 13. Qg3 Nf6 14. Be5 Nh5 15. Qg2 Bxe5 16. dxe5 e6 17. O-O-O Qa5 18. e4 O-O-O 19. exd5 cxd5 20. Rd4 Ng7 21. Ra4 Qc5 22. Ne2 Kb8 23. Kb1 Rc8 24. c3 Qb5 25. Qg4 Nf5 26. Ng3 d4 27. Nxf5 Qxa4 28. Nxd4 Rh5 29. Qf4 Qd7 30. Qe3 Qd5 31. Rh2 Qxe5 32. Qg3 Qxg3 33. fxg3 g5 34. Nf3 gxh4 35. gxh4 Rch8 36. Kc2 Rf5 37. Rh3 e5 38. Kd3 f6 39. Ke3 Kc7 40. Rg3 Rh7 41. Rg8 Rf4 42. Rg6 Kd7 43. Rg8 Ke6 44. Rg1 Kf5 45. Rg8 Rg4 46. Re8 Rg2 47. Ra8 a6 48. b4 Rxa2 49. Rc8 Rg2 50. Rc5 Ke6 51. Rc8 Rgg7 52. Re8+ Kf5 53. c4 Rc7 54. c5 a5 55. bxa5 Rxc5 56. Ra8 Rc3+ 57. Kf2 Kf4 58. Ne1 Ra3 59. Ng2+ Ke4 60. Rg8 Rxa5 61. Rg4+ Kf5 62. Ne3+ Ke6 63. Rb4 b5 64. Kf3 Ra4 65. Rxb5 Rhxh4 66. Rb6+ Kf7 67. Rb3 Raf4+ 68. Kg3 Rh7 69. Nd5 Rg7+ 70. Kh3 Rf1 71. Kh2 Ke6 72. Ne3 Rf3 73. Rb6+ Kf7 74. Nd5 e4 75. Rb7+ Kg8 76. Rb6 Rf7 77. Re6 f5 78. Ne7+ Kg7 79. Nc6 Rb7 80. Nd4 Rb2+ 81. Kg1 Ra3 0-1

[Event "TUR-chT Superleague 2018"]
[Site "Ankara"]
[Date "2018.08.05"]
[Round "13"]
[White "Jakovenko, Dmitry"]
[Black "Zhigalko, Sergei"]
[Result "1/2-1/2"]
[WhiteElo "2748"]
[BlackElo "2615"]
[Annotator "TA"]
[PlyCount "53"]
[EventDate "2018.07.25"]
[EventType "team-tourn"]
[EventCountry "TUR"]
[SourceTitle "playchess.com"]
[Source "ChessBase"]
[SourceQuality "1"]

1. Nf3 Nf6 2. c4 e6 3. Nc3 Bb4 4. Qc2 O-O 5. a3 Bxc3 6. Qxc3 a5 7. d4 b6 8. Bg5 Bb7 9. e3 d6 10. Nd2 Nbd7 11. f3 c5 12. Bd3 h6 13. Bh4 d5 14. O-O cxd4 15. exd4 dxc4 16. Nxc4 Ba6 17. Rac1 Qb8 18. Qd2 Nd5 19. Bg3 Qa7 20. Rfe1 Rac8 21. Nd6 Rxc1 22. Rxc1 Bxd3 23. Qxd3 N7f6 24. Be5 Nd7 25. Bg3 N7f6 26. Be5 Nd7 27. Bg3 1/2-1/2

[Event "TUR-chT Superleague 2018"]
[Site "Ankara"]
[Date "2018.08.05"]
[Round "13"]
[White "Kravtsiv, Martyn"]
[Black "Safarli, Eltaj"]
[Result "1/2-1/2"]
[WhiteElo "2654"]
[BlackElo "2676"]
[Annotator "TA"]
[PlyCount "60"]
[EventDate "2018.07.25"]
[EventType "team-tourn"]
[EventCountry "TUR"]
[SourceTitle "playchess.com"]
[Source "ChessBase"]
[SourceQuality "1"]

1. e4 e5 2. Nf3 Nc6 3. Nc3 Nf6 4. d4 exd4 5. Nxd4 Bb4 6. Nxc6 bxc6 7. Bd3 O-O 8. O-O d5 9. exd5 cxd5 10. Bg5 c6 11. Qf3 Rb8 12. Ne2 Bg4 13. Bxf6 Bxf3 14. Bxd8 Bxe2 15. Bxe2 Rfxd8 16. Rfd1 g6 17. g3 Kg7 18. Rab1 Be7 19. b3 Bf6 20. c4 dxc4 21. Bxc4 Rxd1+ 22. Rxd1 Rd8 23. Rxd8 Bxd8 24. Kg2 Bb6 25. f4 f5 26. h3 h5 27. Kf3 Kf6 28. Ba6 Bd4 29. Bb7 c5 30. Ba6 Bc3 1/2-1/2

[Event "TUR-chT Superleague 2018"]
[Site "Ankara"]
[Date "2018.08.05"]
[Round "13"]
[White "Salgado Lopez, Ivan"]
[Black "Koksal, Ege"]
[Result "1-0"]
[WhiteElo "2643"]
[BlackElo "2381"]
[Annotator "TA"]
[PlyCount "205"]
[EventDate "2018.07.25"]
[EventType "team-tourn"]
[EventCountry "TUR"]
[SourceTitle "playchess.com"]
[Source "ChessBase"]
[SourceQuality "1"]

1. Nf3 d5 2. b3 c6 3. Bb2 Bg4 4. g3 Bxf3 5. exf3 Nf6 6. f4 e6 7. Bg2 Nbd7 8. d4 Qa5+ 9. c3 Qa6 10. Bf1 Qb6 11. Qe2 Be7 12. Bg2 O-O 13. O-O Rfe8 14. c4 dxc4 15. bxc4 c5 16. a4 Rad8 17. a5 Qc7 18. Nc3 a6 19. Na4 Rb8 20. Rfd1 cxd4 21. Bxd4 Qxa5 22. Nb6 Qb4 23. Rdb1 Qd6 24. Be5 Qc5 25. Nxd7 Nxd7 26. Bxb8 Rxb8 27. Rxb7 Rxb7 28. Bxb7 a5 29. Ba6 Nb6 30. Bb5 Qb4 31. Qa2 a4 32. Bxa4 Qxc4 33. Qxc4 Nxc4 34. Bb3 Nd6 35. Ra7 Bf8 36. g4 g6 37. Kg2 Nc8 38. Rd7 Nd6 39. Ba2 h6 40. Kf3 Kh8 41. h3 Kg8 42. Kg2 Kh8 43. f5 exf5 44. Bxf7 Kg7 45. Be6+ Kf6 46. gxf5 gxf5 47. Bb3 Be7 48. Ra7 Nb5 49. Ra6+ Kg5 50. Re6 Bf8 51. Bd1 Nd6 52. Bc2 h5 53. Kg3 h4+ 54. Kf3 Nf7 55. Re8 Bd6 56. Ke3 Bc5+ 57. Ke2 Bd6 58. Ra8 Ne5 59. Ra5 Bc7 60. Rc5 Bd6 61. Rb5 Bc7 62. Rd5 Kf6 63. Bb1 Kg5 64. Rb5 Bd6 65. Ke3 Kf6 66. Kd4 Nf3+ 67. Kd5 Bh2 68. Rb3 Ne5 69. Rb6+ Kg5 70. Rb5 Kf6 71. Kd4 Bf4 72. Bc2 Nf3+ 73. Kc4 Ne5+ 74. Kd5 Bh2 75. Kd6 Nf3+ 76. Kd7 Ne5+ 77. Ke8 Bf4 78. Kf8 Bh2 79. Kg8 Kg6 80. Rd5 Kf6 81. Kh7 Kg5 82. Bb1 Kf4 83. Kh6 Kf3 84. Bxf5 Kxf2 85. Rd2+ Kg3 86. Kh5 Bg1 87. Rd5 Kf4 88. Bc8 Bf2 89. Ra5 Bg3 90. Ra4+ Kf3 91. Bb7+ Kf2 92. Ra3 Ke2 93. Kg5 Nf7+ 94. Kg4 Ne5+ 95. Kf5 Nd7 96. Bc6 Nc5 97. Rc3 Bf2 98. Rc2+ Ke1 99. Bb5 Bd4 100. Kg4 Bf2 101. Re2+ Kf1 102. Kf3 Bg1 103. Re5+ 1-0

[Event "TUR-chT Superleague 2018"]
[Site "Ankara"]
[Date "2018.08.05"]
[Round "13"]
[White "Rakhmanov, Aleksandr"]
[Black "Zubov, Alexander"]
[Result "1/2-1/2"]
[WhiteElo "2629"]
[BlackElo "2604"]
[Annotator "TA"]
[PlyCount "159"]
[EventDate "2018.07.25"]
[EventType "team-tourn"]
[EventCountry "TUR"]
[SourceTitle "playchess.com"]
[Source "ChessBase"]
[SourceQuality "1"]

1. d4 d5 2. Nf3 Nf6 3. g3 g6 4. Bg2 Bg7 5. O-O c6 6. Nbd2 O-O 7. c4 Ne4 8. b3 Bf5 9. Bb2 Nd7 10. Nh4 Nxd2 11. Qxd2 Be6 12. Nf3 Bf5 13. Rfc1 Be4 14. e3 e6 15. Qe2 Re8 16. Rd1 Qe7 17. Rac1 a5 18. Bc3 a4 19. b4 dxc4 20. Qxc4 Nb6 21. Qe2 Nd5 22. a3 Nxc3 23. Rxc3 Red8 24. Rc5 Rd5 25. Nd2 Rxc5 26. bxc5 Bxg2 27. Kxg2 e5 28. Qc4 exd4 29. exd4 Qe6 30. Rc1 g5 31. h3 h5 32. Qxe6 fxe6 33. Rc4 e5 34. dxe5 Bxe5 35. Re4 Bf6 36. Nc4 Kg7 37. Nd6 Bb2 38. Re3 Rb8 39. Rd3 b5 40. cxb6 Rxb6 41. Nc4 Rb7 42. Nxb2 Rxb2 43. Rd4 Rb3 44. Rxa4 c5 45. h4 g4 46. Ra5 Kg6 47. a4 Ra3 48. Kf1 Ra2 49. Ke1 c4 50. Rg5+ Kh6 51. a5 c3 52. Rc5 Ra1+ 53. Ke2 c2 54. Rxc2 Rxa5 55. Ke3 Rf5 56. Ke4 Rf6 57. Ke5 Kg6 58. Rd2 Rf5+ 59. Ke4 Rf6 60. Rb2 Re6+ 61. Kd5 Rf6 62. Re2 Rf5+ 63. Kd6 Rf3 64. Ke5 Rf8 65. Rc2 Rf5+ 66. Kd4 Rf6 67. Ke4 Re6+ 68. Kd5 Re7 69. Rc6+ Kg7 70. Rc5 Re2 71. Kd6 Kg6 72. Rg5+ Kh6 73. Rf5 Kg6 74. Rf4 Kg7 75. Kd5 Kg6 76. Kd4 Ra2 77. Kc3 Re2 78. Kc4 Rd2 79. Kc5 Ra2 80. Kd5 1/2-1/2

[Event "TUR-chT Superleague 2018"]
[Site "Ankara"]
[Date "2018.08.05"]
[Round "13"]
[White "Gledura, Benjamin"]
[Black "Baryshpolets, Andrey"]
[Result "1/2-1/2"]
[WhiteElo "2626"]
[BlackElo "2609"]
[Annotator "TA"]
[PlyCount "61"]
[EventDate "2018.07.25"]
[EventType "team-tourn"]
[EventCountry "TUR"]
[SourceTitle "playchess.com"]
[Source "ChessBase"]
[SourceQuality "1"]

1. d4 d5 2. c4 c6 3. cxd5 cxd5 4. Nc3 Nf6 5. Nf3 Nc6 6. Bf4 Bf5 7. e3 e6 8. Bd3 Bxd3 9. Qxd3 Bd6 10. Bxd6 Qxd6 11. O-O O-O 12. Rfc1 Rfc8 13. h3 h6 14. Nd2 Nd7 15. Ne2 Ne7 16. a3 Rxc1+ 17. Rxc1 Rc8 18. Rxc8+ Nxc8 19. Qc3 Ne7 20. Nf4 Qc6 21. Qxc6 Nxc6 22. Nd3 b6 23. Kf1 Kf8 24. Ke2 Ke7 25. b3 f5 26. f4 Nf6 27. Ne5 Nxe5 28. dxe5 Ne4 29. Nxe4 dxe4 30. Kd2 Kd7 31. Kc3 1/2-1/2

[Event "TUR-chT Superleague 2018"]
[Site "Ankara"]
[Date "2018.08.05"]
[Round "13"]
[White "Solak, Dragan"]
[Black "Benidze, Davit"]
[Result "1-0"]
[WhiteElo "2603"]
[BlackElo "2488"]
[Annotator "TA"]
[PlyCount "135"]
[EventDate "2018.07.25"]
[EventType "team-tourn"]
[EventCountry "TUR"]
[SourceTitle "playchess.com"]
[Source "ChessBase"]
[SourceQuality "1"]

1. e4 e5 2. Nf3 Nc6 3. Bb5 a6 4. Ba4 d6 5. Bxc6+ bxc6 6. d4 exd4 7. Qxd4 c5 8. Qd3 Ne7 9. Nc3 Bb7 10. O-O Ng6 11. Rb1 Be7 12. b4 cxb4 13. Rxb4 Bc8 14. Nd5 O-O 15. Bb2 c5 16. Rb6 Nf4 17. Nxe7+ Qxe7 18. Qxd6 Qxe4 19. Re1 Qg6 20. Qxf8+ Kxf8 21. Rxg6 hxg6 22. Ba3 Bb7 23. Bxc5+ Kg8 24. Bd6 Ne6 25. c4 Rc8 26. Ne5 f6 27. Nxg6 Kf7 28. Nf8 Nxf8 29. Re7+ Kg6 30. Rxb7 Rxc4 31. g3 Ne6 32. Rb4 Rc6 33. Bb8 Rc2 34. Ra4 Nc5 35. Ra5 Nd3 36. Ba7 Rc6 37. Be3 Ne5 38. Rc5 Rb6 39. Ra5 Rb1+ 40. Kg2 Nc4 41. Rxa6 Nxe3+ 42. fxe3 Rb2+ 43. Kh3 Re2 44. Ra3 f5 45. g4 fxg4+ 46. Kxg4 Rxh2 47. Ra8 Kf6 48. a4 g5 49. a5 Rh4+ 50. Kg3 Re4 51. Kf3 Re7 52. a6 Ke5 53. Kg4 Rg7 54. Re8+ Kd5 55. e4+ Kd6 56. e5+ Kd5 57. Kf5 g4 58. Rd8+ Kc5 59. a7 Rxa7 60. Kxg4 Kc6 61. Kf5 Kc7 62. Rd1 Ra8 63. e6 Rf8+ 64. Kg6 Rf2 65. e7 Re2 66. Kf7 Rf2+ 67. Ke8 Ra2 68. Rf1 1-0

[Event "TUR-chT Superleague 2018"]
[Site "Ankara"]
[Date "2018.08.05"]
[Round "13"]
[White "Nihal, Sarin"]
[Black "Dastan, Muhammed Batuhan"]
[Result "1/2-1/2"]
[WhiteElo "2556"]
[BlackElo "2552"]
[Annotator "TA"]
[PlyCount "75"]
[EventDate "2018.07.25"]
[EventType "team-tourn"]
[EventCountry "TUR"]
[SourceTitle "playchess.com"]
[Source "ChessBase"]
[SourceQuality "1"]

1. d4 d5 2. c4 dxc4 3. Nf3 Nf6 4. e3 e6 5. Bxc4 c5 6. O-O a6 7. Bb3 cxd4 8. exd4 Nc6 9. Nc3 Be7 10. Bg5 O-O 11. Qd2 Na5 12. Bc2 b5 13. Rad1 Bb7 14. Qf4 g6 15. Bh6 Nh5 16. Qg4 Re8 17. Ne5 f5 18. Qh3 Bg5 19. Bxg5 Qxg5 20. Ne2 Rac8 21. Rc1 Qd2 22. Qd3 Qb4 23. Bb3 Nxb3 24. Qxb3 Qxb3 25. axb3 Nf6 26. f3 Bd5 27. Rxc8 Rxc8 28. Rc1 Rb8 29. Nc6 Rb6 30. Na5 g5 31. Kf2 Rd6 32. Rc7 Rd7 33. Rc8+ Kf7 34. Nc1 Ne8 35. Rc5 Ba8 36. Rc8 Bd5 37. Rc5 Ba8 38. Rc8 1/2-1/2

[Event "TUR-chT Superleague 2018"]
[Site "Ankara"]
[Date "2018.08.05"]
[Round "13"]
[White "Heberla, Bartlomiej"]
[Black "Yilmaz, Goktan"]
[Result "1-0"]
[WhiteElo "2544"]
[BlackElo "2233"]
[Annotator "ChessBase"]
[PlyCount "93"]
[EventDate "2018.07.25"]
[EventType "team-tourn"]
[EventCountry "TUR"]
[SourceTitle "playchess.com"]
[Source "ChessBase"]
[SourceQuality "1"]

1. e4 c5 2. Nc3 d6 3. f4 g6 4. Nf3 Bg7 5. d4 cxd4 6. Nxd4 Nc6 7. Be3 Nf6 8. Be2 O-O 9. Nb3 Be6 10. g4 Na5 11. g5 Nd7 12. Bd4 Bxb3 13. axb3 e5 14. Be3 exf4 15. Bxf4 Re8 16. Qxd6 Nc6 17. Rd1 Bxc3+ 18. bxc3 Rxe4 19. Qxd7 Rxf4 20. Qxd8+ Rxd8 21. Rxd8+ Nxd8 22. h4 f6 23. Bc4+ Kg7 24. Ke2 fxg5 25. hxg5 Nf7 26. Ra1 a6 27. Bd5 Nxg5 28. Bxb7 h5 29. Rxa6 h4 30. Ra4 Rf7 31. Bd5 Re7+ 32. Kf2 h3 33. Rh4 Kf6 34. c4 Kf5 35. c5 Rd7 36. c4 Ra7 37. c6 Ne6 38. Rxh3 Nf4 39. Rh8 Ke5 40. Rd8 Nd3+ 41. Ke3 Nc5 42. b4 Ra3+ 43. Ke2 Ra2+ 44. Kf3 Ra3+ 45. Kg4 Nd3 46. c7 Kf6 47. Rf8+ 1-0